| 000 | 00436nam a2200169 a 4500 | ||
|---|---|---|---|
| 005 | 20231101063622.0 | ||
| 008 | 991125s1947 mx 000 0 spa u | ||
| 035 | _aUPN01000006489 | ||
| 049 | _aCG | ||
| 050 | 4 |
_aPQ7171 _bA2.3 |
|
| 100 | 1 | _aAcosta, Homero | |
| 245 | 1 | 3 |
_aLa canción olvidada : _bpoemas / _cHomero Acosta. |
| 260 |
_aMéxico : _b[s.n.], _c1947. |
||
| 300 | _a158 p. | ||
| 650 | 4 |
_aPoesía mexicana _91273 |
|
| 905 | _aLibro | ||
| 999 |
_c6489 _d6489 |
||